Hydraulické posúdenie protipovodňovej ochrany obce Marianka

Saved in:
Bibliographic Details
Main Author: Bilčíková, Natália (Author)
Other Authors: Šoltész, Andrej (Thesis advisor)
Format: Manuscript Book
Language:Slovak
Published: 2025
Subjects:
Online Access:http://is.stuba.sk/zp/portal_zp.pl?podrobnosti=181659
CRZP
Tags: Add Tag
No Tags, Be the first to tag this record!

MARC

LEADER 00000ntm a22000003a 4500
001 stuzp102988
003 SK-STU
005 20250721111839.6
007 ta
008 150427s2015----xo-----f-mn---000-0-slo-d
040 |a STU  |b slo 
041 0 |a slo 
100 1 |a Bilčíková, Natália  |u 010170  |k Z8  |4 aut  |U SvF Stavebná fakulta  |T SvF Katedra hydrotechniky  |X 110230  |U V170  |Y 17  |7 110230 
242 0 1 |a Hydraulic assessment of flood protection of the Marianka municipality  |y eng 
245 1 0 |a Hydraulické posúdenie protipovodňovej ochrany obce Marianka 
260 |c 2025 
650 4 |a detention reservoir  |2 eng 
650 4 |a transformation  |2 eng 
650 4 |a flood wave  |2 eng 
650 4 |a emergency spillway  |2 eng 
650 4 |a flood protection  |2 eng 
650 4 |a suchý polder  |2 slo 
650 4 |a transformácia  |2 slo 
650 4 |a povodňová vlna  |2 slo 
650 4 |a bezpečnostný priepad  |2 slo 
650 4 |a protipovodňová ochrana  |2 slo 
700 1 |a Šoltész, Andrej  |u 010170  |k Z1  |4 ths  |U SvF Stavebná fakulta  |T SvF Katedra hydrotechniky  |X 645  |U V170  |Y 17  |7 A000000645 
856 4 |u http://is.stuba.sk/zp/portal_zp.pl?podrobnosti=181659 
856 4 |u https://opac.crzp.sk/?fn=detailBiblioForm&sid=809C367C54749DCAA048AEFF7E5A  |z CRZP